| 000 | 00782cam a2200301 4500 | ||
|---|---|---|---|
| 001 | ABS67907 | ||
| 008 | 040701n2004 000 0 eng u | ||
| 035 | _a(Sirsi) u126676 | ||
| 245 | _aFocus 2: Merseyside | ||
| 260 | _c2004 | ||
| 490 |
_aEstates Gazette _v(0425) 19 June 2004, 101-141(12) |
||
| 590 | _aABS | ||
| 590 | _aABS | ||
| 650 | _aMERSEYSIDE | ||
| 650 | _aSOUTHPORT | ||
| 650 | _aLIVERPOOL | ||
| 650 | _aBLACKPOOL | ||
| 650 | _aSEASIDE RESORTS | ||
| 650 | _aDOCKS | ||
| 650 | _aOFFICE MARKET | ||
| 650 | _aPROPERTY-COMMERCIAL PROPERTY-RETAIL PROPERTY-RETAIL PROPERTY MARKET | ||
| 650 | _aLEISURE MARKET | ||
| 650 | _aRESIDENTIAL MARKET | ||
| 650 | _aTRANSPORT | ||
| 650 | _aTRAM NETWORKS | ||
| 690 | _aCOMMERCIAL PROPERTY-MARKET | ||
| 942 | _n0 | ||
| 999 |
_c117641 _d117641 |
||